[Event "26. Schweinfurt Open"]
[Site "Schweinfurt"]
[Date "2016.05.29"]
[Round "6.14"]
[White "Neubauer, Jaro"]
[Black "Müller, Gerhard"]
[Result "1-0"]
[WhiteElo "1986"]
[BlackElo "1835"]
[PlyCount "49"]
[EventDate "2016.??.??"]
[WhiteTeam "SK Schweinfurt"]
[BlackTeam "SC Bad Königshofen"]

1. e4 e5 2. Nf3 Nc6 3. Bc4 Be7 4. d4 exd4 5. c3 d6 6. cxd4 Nf6 7. Nc3 O-O 8.
Bd3 Bg4 9. Be3 h6 10. a3 a6 11. Qd2 Nh7 12. h3 Bh5 13. g4 Bg6 14. O-O-O b5 15.
h4 Nf6 16. g5 Ng4 17. gxh6 Nxe3 18. fxe3 b4 19. axb4 Nxb4 20. Bb1 Re8 21. Qg2
Bf6 22. h5 Bh7 23. e5 dxe5 24. dxe5 Nd3+ 25. Bxd3 1-0

[Event "26. Schweinfurt Open"]
[Site "Schweinfurt"]
[Date "2016.05.29"]
[Round "6.15"]
[White "Tsiapouris, Michael"]
[Black "Blank, Stefan"]
[Result "1/2-1/2"]
[WhiteElo "1911"]
[BlackElo "1821"]
[PlyCount "115"]
[EventDate "2016.??.??"]
[WhiteTeam "SC Tarrasch München"]
[BlackTeam "SC Sulzbach"]

1. Nf3 Nf6 2. c4 g6 3. g3 Bg7 4. Bg2 O-O 5. O-O d6 6. Nc3 Nbd7 7. Rb1 e5 8. d3
c6 9. Nd2 Ne8 10. Qc2 f5 11. b4 Nc7 12. b5 c5 13. a4 Rb8 14. Bb2 b6 15. Ra1 Bb7
16. Bxb7 Rxb7 17. a5 Ne6 18. axb6 axb6 19. Ra6 Qg5 20. Nd5 Nc7 21. Nxc7 Rxc7
22. Kg2 h5 23. Rfa1 Rcc8 24. Nf3 Qf6 25. h4 Bh6 26. Bc1 f4 27. Ra7 Rcd8 28. Bd2
g5 29. hxg5 Bxg5 30. Nxg5 Qxg5 31. Rh1 Qf5 32. Be1 f3+ 33. Kg1 Nf6 34. Qd1 fxe2
35. Qxe2 d5 36. Re7 Ng4 37. cxd5 Rxd5 38. Qa2 Rfd8 39. Re8+ Kg7 40. Rxd8 Rxd8
41. Qa7+ Rd7 42. Qxb6 Rxd3 43. Qc7+ Kg6 44. Qc8 Nf6 45. Kg2 e4 46. Rh4 Qf3+ 47.
Kh2 Kg5 48. Qxc5+ Qf5 49. Qxf5+ Kxf5 50. Rf4+ Ke5 51. Ba5 Ke6 52. Bb6 Rb3 53.
Be3 Rxb5 54. Kh3 Ke5 55. Kh4 Rd5 56. Kg5 Ke6+ 57. Kh4 Ng4 58. Rxe4+ 1/2-1/2

[Event "26. Schweinfurt Open"]
[Site "Schweinfurt"]
[Date "2016.05.29"]
[Round "6.16"]
[White "Petersen, Steffen"]
[Black "Wiemann, Vanessa"]
[Result "1-0"]
[WhiteElo "1867"]
[BlackElo "1297"]
[PlyCount "101"]
[EventDate "2016.??.??"]
[WhiteTeam "Skakforeningen Odysseus"]
[BlackTeam "SV Seubelsdorf"]

1. e4 e5 2. Nf3 Nc6 3. Bb5 a6 4. Ba4 Nf6 5. Qe2 d6 6. c3 Bd7 7. O-O Be7 8. d3
O-O 9. Bc2 Bg4 10. Nbd2 Re8 11. h3 Bd7 12. d4 Bf8 13. d5 Ne7 14. Nc4 Ng6 15.
Bg5 h6 16. Be3 Be7 17. Nh2 Qc8 18. f4 Bf8 19. f5 Ne7 20. Ng4 Nh7 21. Qf2 f6 22.
Qg3 Kh8 23. Qh4 Ng8 24. Rf3 Qd8 25. Nd2 Qe7 26. Qf2 c6 27. c4 c5 28. Rg3 Rac8
29. Nf3 Red8 30. Nh4 Be8 31. Ng6+ Bxg6 32. fxg6 Ng5 33. h4 Nf7 34. gxf7 Qxf7
35. Rf1 Rc7 36. Rf3 Be7 37. Bc1 Rdd7 38. Ne3 Bf8 39. Nf5 b6 40. g4 Be7 41. Qh2
a5 42. Rg3 Rb7 43. g5 h5 44. g6 Qf8 45. Qe2 Rd8 46. Qxh5+ Nh6 47. Bxh6 gxh6 48.
g7+ Kg8 49. gxf8=Q+ Kxf8 50. Nxh6 Rbb8 51. Qf7# 1-0

[Event "26. Schweinfurt Open"]
[Site "Schweinfurt"]
[Date "2016.05.29"]
[Round "6.17"]
[White "Eichenauer, Pascal"]
[Black "Markwardt, Sven"]
[Result "1-0"]
[WhiteElo "1857"]
[BlackElo "1748"]
[PlyCount "97"]
[EventDate "2016.??.??"]
[WhiteTeam "SV Würzburg"]
[BlackTeam "SK Schweinfurt"]

1. e4 g6 2. d4 Bg7 3. Nc3 d5 4. exd5 Nf6 5. Bf4 Nxd5 6. Nxd5 Qxd5 7. Bxc7 Na6
8. Bxa6 Qxg2 9. Qf3 Qxf3 10. Nxf3 bxa6 11. c3 Bb7 12. Ke2 O-O 13. Rhd1 Rfe8 14.
Rac1 Bh6 15. Nd2 Rac8 16. Bg3 f5 17. Be5 Kf7 18. c4 a5 19. d5 Ba6 20. b3 Red8
21. Ke1 a4 22. Rc3 e6 23. d6 axb3 24. axb3 Rc5 25. Nf3 Bb7 26. Bd4 Ra5 27. Ne5+
Kf8 28. c5 Ra2 29. Kf1 Bf4 30. d7 Bxe5 31. Bxe5 Bc6 32. Bf6 Rxd7 33. Rxd7 Bxd7
34. c6 Bc8 35. b4 Kf7 36. Be5 g5 37. b5 h5 38. Rd3 Ra5 39. Rd8 Rxb5 40. Rxc8
Rxe5 41. c7 Rc5 42. Rh8 a5 43. c8=Q Rxc8 44. Rxc8 a4 45. Ra8 a3 46. Rxa3 Kf6
47. Kg2 Ke5 48. h4 g4 49. Ra8 1-0

[Event "26. Schweinfurt Open"]
[Site "Schweinfurt"]
[Date "2016.05.29"]
[Round "6.18"]
[White "Meyer, Thorlejf"]
[Black "Ornebjerg, Henrik"]
[Result "1/2-1/2"]
[WhiteElo "1839"]
[BlackElo "1666"]
[PlyCount "46"]
[EventDate "2016.??.??"]
[WhiteTeam "Skakforeningen Odysseus"]
[BlackTeam "Skakforeningen Odysseus"]

1. e4 c5 2. Nf3 d6 3. d4 cxd4 4. Nxd4 a6 5. Nc3 Nf6 6. Bg5 e6 7. Qd2 Be7 8.
O-O-O Qc7 9. f4 O-O 10. Bd3 b5 11. f5 b4 12. Nce2 a5 13. fxe6 fxe6 14. h4 e5
15. Nb5 Qc6 16. b3 h6 17. Bc4+ Kh8 18. Nxd6 Bxd6 19. Qxd6 Qxd6 20. Rxd6 Nxe4
21. Rd8 Rxd8 22. Bxd8 Bb7 23. Rf1 Nd7 1/2-1/2

[Event "26. Schweinfurt Open"]
[Site "Schweinfurt"]
[Date "2016.05.29"]
[Round "6.19"]
[White "Wenkheimer, Rolf"]
[Black "Neudecker, Georg"]
[Result "1/2-1/2"]
[WhiteElo "1637"]
[BlackElo "1876"]
[PlyCount "180"]
[EventDate "2016.??.??"]
[WhiteTeam "SC Kitzingen"]
[BlackTeam "SV Walsdorf"]

1. e4 c6 2. Nc3 d5 3. exd5 cxd5 4. d4 Nf6 5. Nf3 g6 6. Bb5+ Bd7 7. O-O Bg7 8.
Bf4 O-O 9. Ne5 Nc6 10. Nxd7 Qxd7 11. Re1 Rac8 12. Ne2 a6 13. Ba4 e6 14. c3 b5
15. Bc2 Nh5 16. Be3 b4 17. g4 Nf6 18. Ng3 bxc3 19. bxc3 Qd6 20. g5 Nd7 21. Qd3
Na5 22. Nh5 Bh8 23. Ng3 Nc4 24. f4 Nxe3 25. Qxe3 Qa3 26. Ne2 Rb8 27. h4 Rb2 28.
Rec1 Rb6 29. h5 Rfb8 30. hxg6 fxg6 31. Kg2 Qd6 32. Rh1 Rf8 33. Rh4 Rf7 34. Rah1
Nf8 35. Qh3 Qc7 36. Rh6 Rg7 37. Bb3 Rf7 38. Qe3 Bg7 39. R6h4 a5 40. Rc1 Rc6 41.
Ba4 Rb6 42. Bb3 Qb7 43. Kg3 Rd6 44. Rb1 a4 45. Bc2 Qa7 46. a3 Rb6 47. Rb4 Rxb4
48. cxb4 Re7 49. Qd3 Rc7 50. Rh1 Rc4 51. Rd1 Qc7 52. Bxa4 Bxd4 53. Bb3 Rc3 54.
Nxc3 Bxc3 55. Qc2 e5 56. Bxd5+ Kg7 57. Kg2 exf4 58. Rd3 Be5 59. Qxc7+ Bxc7 60.
Bb3 h6 61. gxh6+ Kxh6 62. Rh3+ Kg5 63. Rh8 Bd6 64. Kf3 Kf6 65. Rg8 Nd7 66. Ke4
Kg5 67. Rd8 Nf6+ 68. Kf3 Be5 69. a4 Ng4 70. Rd5 Kh4 71. Bc2 g5 72. Rd1 Nh2+ 73.
Ke4 Bc3 74. b5 Ba5 75. Rd7 f3 76. Rh7+ Kg3 77. Rxh2 Kxh2 78. Kxf3 Kh3 79. Bf5+
Kh4 80. Ke4 g4 81. Kd5 g3 82. Be4 Kg4 83. Kc5 Kf4 84. Bh1 Ke5 85. b6 Bc3 86. b7
Bd4+ 87. Kc6 Kf6 88. b8=Q g2 89. Bxg2 Be5 90. Qh8+ Kf5 1/2-1/2

[Event "26. Schweinfurt Open"]
[Site "Schweinfurt"]
[Date "2016.05.29"]
[Round "6.20"]
[White "Heller, Thomas"]
[Black "Leichum, Engelbert"]
[Result "1-0"]
[WhiteElo "1828"]
[BlackElo "1708"]
[PlyCount "119"]
[EventDate "2016.??.??"]
[WhiteTeam "SV Bergtheim"]
[BlackTeam "(vls) Frankfurt"]

1. c4 e5 2. Nc3 Bc5 3. e3 Nc6 4. a3 a5 5. Qg4 g6 6. d3 d6 7. Qd1 Nge7 8. Nge2
Nf5 9. g3 Nh6 10. Bg2 Bg4 11. h3 Bxe2 12. Qxe2 Bb6 13. Nd5 Nf5 14. O-O Nfe7 15.
Nf6+ Kf8 16. Bd2 Nf5 17. Nd5 Qc8 18. Nxb6 cxb6 19. Rfc1 Kg7 20. b3 Qd7 21. Qe1
Nce7 22. b4 Rhf8 23. bxa5 bxa5 24. Bxa5 Nc6 25. Bb4 Nfe7 26. Qc3 Kg8 27. Kh2 f5
28. Qd2 Rf6 29. Bc3 Raf8 30. f4 R6f7 31. d4 e4 32. d5 Nd8 33. Qd4 Rf6 34. Rcb1
h6 35. h4 Qe8 36. Qb6 Nc8 37. Qb2 R6f7 38. Rh1 Rh7 39. Kg1 b6 40. a4 Nb7 41. a5
bxa5 42. Bxa5 Nc5 43. Qc2 Rff7 44. Bf1 Ra7 45. Bc3 Rab7 46. Rh2 Rhe7 47. Rg2
Nb6 48. Bd4 Nba4 49. g4 fxg4 50. Rxg4 Nb3 51. Ra3 Nac5 52. Bb2 Qb8 53. Qc3 Kh7
54. Qf6 Rg7 55. h5 g5 56. Qf5+ Kh8 57. fxg5 Kg8 58. gxh6 Rxg4+ 59. Qxg4+ Kh7
60. Qg6# 1-0

[Event "26. Schweinfurt Open"]
[Site "Schweinfurt"]
[Date "2016.05.29"]
[Round "6.21"]
[White "Beyersdorf, Gunter"]
[Black "Tsiapouris, Alexander"]
[Result "1-0"]
[WhiteElo "1797"]
[BlackElo "1693"]
[PlyCount "129"]
[EventDate "2016.??.??"]
[WhiteTeam "SC Bad Königshofen"]
[BlackTeam "SC Tarrasch München"]

1. d4 e6 2. e4 d5 3. e5 c5 4. c3 Nc6 5. Nf3 Be7 6. Be3 c4 7. Nbd2 Bd7 8. g3 b5
9. Bg2 b4 10. O-O bxc3 11. bxc3 Qa5 12. Qc2 Nh6 13. Ng5 Nf5 14. h4 h6 15. Nh3
O-O 16. h5 Nxe3 17. fxe3 f5 18. exf6 Bxf6 19. Nf4 Ne7 20. Rf2 e5 21. Ng6 Nxg6
22. hxg6 e4 23. Raf1 Be8 24. Nxc4 dxc4 25. Bxe4 Rb8 26. Rf5 Rb5 27. Rxb5 Qxb5
28. Rf5 Qb8 29. Bd5+ Kh8 30. Rf3 Qc7 31. Qe4 Qe7 32. Qg4 Bg5 33. Rxf8+ Qxf8 34.
Qe6 Bf6 35. Qe4 Qe7 36. Qxe7 Bxe7 37. Bxc4 Bxg6 38. Kf2 Be4 39. Be6 g5 40. c4
Kg7 41. c5 Kf6 42. Bd7 h5 43. Bh3 Bd5 44. a3 Bc6 45. Bf1 Ba4 46. e4 Bd8 47. Ke3
h4 48. gxh4 gxh4 49. Bh3 Ba5 50. e5+ Ke7 51. Kd3 Bb5+ 52. Ke4 Bc3 53. d5 Bb2
54. c6 Kd8 55. Kf5 Bxa3 56. Bg2 a5 57. d6 a4 58. Bd5 h3 59. c7+ Kc8 60. Be6+
Bd7 61. Bxd7+ Kxd7 62. e6+ Kc8 63. e7 Bxd6 64. e8=Q+ Kxc7 65. Ke6 1-0

[Event "26. Schweinfurt Open"]
[Site "Schweinfurt"]
[Date "2016.05.29"]
[Round "6.22"]
[White "Grünewald, Elmar"]
[Black "Völker, Joachim"]
[Result "1/2-1/2"]
[WhiteElo "1626"]
[BlackElo "1777"]
[PlyCount "99"]
[EventDate "2016.??.??"]
[WhiteTeam "SK Schweinfurt"]
[BlackTeam "SK Schweinfurt"]

1. e4 e6 2. d4 d5 3. exd5 exd5 4. Bd3 Nc6 5. c3 Bd6 6. Nf3 Bg4 7. Be3 Nge7 8.
h3 Bf5 9. O-O Bxd3 10. Qxd3 Qd7 11. Re1 O-O-O 12. Nbd2 f6 13. Nf1 Rde8 14. Bd2
g5 15. Ne3 Nd8 16. Ng4 Ref8 17. Re2 h5 18. Ne3 g4 19. Nh4 gxh3 20. g3 Rfg8 21.
Nef5 Nxf5 22. Qxf5 Qxf5 23. Nxf5 h4 24. Nxd6+ cxd6 25. Bf4 h2+ 26. Kh1 hxg3 27.
fxg3 Re8 28. Rae1 Rxe2 29. Rxe2 Kd7 30. Rxh2 Rxh2+ 31. Kxh2 Ne6 32. Bh6 Nd8 33.
g4 Nf7 34. Be3 Ng5 35. Kg3 Ke6 36. Kh4 Ne4 37. a4 a6 38. Kh5 Kf7 39. Kh6 b5 40.
a5 Ng3 41. Bf4 Ne4 42. g5 fxg5 43. Bxg5 Ng3 44. Bf4 Ne4 45. Kh5 Kf6 46. Kg4 Ke6
47. Be3 Nf6+ 48. Kf3 Nd7 49. Bf4 Nb8 50. b4 1/2-1/2

[Event "26. Schweinfurt Open"]
[Site "Schweinfurt"]
[Date "2016.05.29"]
[Round "6.23"]
[White "Millgramm, Stephan"]
[Black "Klonov, Jakov"]
[Result "1-0"]
[WhiteElo "1774"]
[BlackElo "1333"]
[PlyCount "99"]
[EventDate "2016.??.??"]
[WhiteTeam "Flensburger SK"]
[BlackTeam "SK München Südost"]

1. e4 c5 2. d4 cxd4 3. c3 Nc6 4. cxd4 g6 5. Nc3 Bg7 6. Nf3 d6 7. Be3 Nf6 8. h3
O-O 9. d5 Ne5 10. Nxe5 dxe5 11. Bc4 Re8 12. O-O e6 13. Bb5 Bd7 14. d6 a6 15.
Bxd7 Qxd7 16. Qd3 Red8 17. Rfd1 Ne8 18. Bb6 Rdc8 19. Na4 Rc6 20. Bc5 Rb8 21.
Nb6 Qd8 22. b4 Bf8 23. Nc4 b6 24. Nxe5 Rcc8 25. d7 bxc5 26. dxc8=Q Qxc8 27.
bxc5 Bxc5 28. Rac1 Qc7 29. Nd7 Rb5 30. Qc3 Bd6 31. Qxc7 Bxc7 32. e5 Ra5 33.
Nf6+ Nxf6 34. exf6 h5 35. Rxc7 Kh7 36. Rxf7+ Kh6 37. Rdd7 Kg5 38. g3 Kf5 39.
Rf8 Re5 40. Rd4 Re4 41. Rxe4 Kxe4 42. f7 Kf5 43. Ra8 Kf6 44. f8=Q+ Ke5 45. Rxa6
Kd4 46. Qf4+ Kd3 47. Ra3+ Kc2 48. Re3 Kc1 49. Re2+ Kd1 50. Qd2# 1-0

[Event "26. Schweinfurt Open"]
[Site "Schweinfurt"]
[Date "2016.05.29"]
[Round "6.24"]
[White "Weineck, Ekkehard"]
[Black "Ley, Reinhard"]
[Result "1/2-1/2"]
[WhiteElo "1606"]
[BlackElo "1759"]
[PlyCount "140"]
[EventDate "2016.??.??"]
[WhiteTeam "SV Würzburg"]
[BlackTeam "SV Siershahn"]

1. d4 d5 2. c4 e6 3. Nf3 Nf6 4. Nc3 c6 5. e3 Bd6 6. Bd3 Nbd7 7. O-O e5 8. cxd5
cxd5 9. e4 dxe4 10. Nxe4 Nxe4 11. Bxe4 exd4 12. Qxd4 Nf6 13. Bg5 Be7 14. Qe5
Qd6 15. Qxd6 Bxd6 16. Bxf6 gxf6 17. Rad1 Be7 18. Rfe1 Rb8 19. Nd4 O-O 20. Bxh7+
Kxh7 21. Rxe7 Kg6 22. Re3 f5 23. h4 Kf6 24. Ne2 Be6 25. a3 Rbc8 26. Nf4 Rfd8
27. Rxd8 Rxd8 28. Rd3 Rc8 29. Rc3 Rd8 30. g3 Rd1+ 31. Kg2 Bd5+ 32. Nxd5+ Rxd5
33. Rc7 Rb5 34. b4 Kg6 35. Rc5 Rb6 36. Kf3 Rd6 37. a4 Rd4 38. Rb5 b6 39. a5
bxa5 40. bxa5 Ra4 41. Kg2 f6 42. Kh3 Ra2 43. f3 Ra3 44. f4 Ra1 45. h5+ Kxh5 46.
Rxf5+ Kg6 47. Kg4 Ra3 48. Rd5 Ra4 49. Kh4 a6 50. Kg4 Kh6 51. Kf5 Kg7 52. g4 Kf7
53. Rc5 Ke7 54. g5 fxg5 55. fxg5 Ra1 56. Kg6 Ra2 57. Rf5 Rh2 58. Kg7 Rg2 59. g6
Re2 60. Kg8 Ke6 61. Rh5 Kf6 62. Kh7 Rg2 63. Rh6 Rg3 64. g7+ Kf7 65. Rxa6 Rxg7+
66. Kh6 Rg1 67. Ra7+ Kf6 68. Ra6+ Kf5 69. Ra7 Kf6 70. Kh5 Kf5 1/2-1/2

[Event "26. Schweinfurt Open"]
[Site "Schweinfurt"]
[Date "2016.05.29"]
[Round "6.25"]
[White "Hansen, Klaus Bjerre"]
[Black "Wiemann, Daniel"]
[Result "1/2-1/2"]
[WhiteElo "1736"]
[BlackElo "1533"]
[PlyCount "65"]
[EventDate "2016.??.??"]
[WhiteTeam "Skakforeningen Odysseus"]
[BlackTeam "SV Seubelsdorf"]

1. e4 e6 2. d4 d5 3. Nc3 Nf6 4. e5 Nfd7 5. f4 c5 6. Be3 Nc6 7. Nf3 Be7 8. dxc5
Bxc5 9. Bxc5 Nxc5 10. Nb5 O-O 11. c3 a6 12. Nbd4 Nxd4 13. Qxd4 Qc7 14. Be2 f6
15. O-O Nd7 16. Bd3 Qc5 17. Rae1 h6 18. h4 f5 19. Be2 Qb6 20. b4 Qxd4+ 21. Nxd4
Nb6 22. g4 g6 23. gxf5 gxf5 24. Kf2 Kh7 25. Rg1 Bd7 26. Rg3 Rg8 27. Reg1 Rxg3
28. Rxg3 Rg8 29. Bh5 Rxg3 30. Kxg3 Kg7 31. Bd1 Kf7 32. a4 Bxa4 33. Be2 1/2-1/2

[Event "26. Schweinfurt Open"]
[Site "Schweinfurt"]
[Date "2016.05.29"]
[Round "6.27"]
[White "Scheifele, Paul"]
[Black "Lippianowski, Stefan"]
[Result "1-0"]
[WhiteElo "1286"]
[BlackElo "1163"]
[PlyCount "75"]
[EventDate "2016.??.??"]
[WhiteTeam "Aschaffenburg-Schweinheim"]
[BlackTeam "SV Mattnetz Berlin"]

1. e4 e5 2. Nf3 Nc6 3. Bc4 Nf6 4. d3 h6 5. Be3 d5 6. exd5 Nxd5 7. Qe2 Be6 8.
Bb5 Qd6 9. h3 Qb4+ 10. c3 Qxb5 11. O-O e4 12. Ne1 Nf6 13. c4 Qe5 14. Nc3 Bd6
15. f4 Qa5 16. dxe4 g5 17. fxg5 hxg5 18. Rxf6 Qe5 19. Qf3 O-O-O 20. Nd3 Qh2+
21. Kf2 Rxh3 22. Qe2 Bg3+ 23. Kf1 Rh7 24. Bg1 Qh4 25. Qd2 Bxc4 26. Nd5 Bxd5 27.
exd5 Rxd5 28. Qe3 b6 29. Rxc6 Rf5+ 30. Ke2 Qg4+ 31. Kd2 Bf4 32. Nxf4 gxf4 33.
Qe4 Rh8 34. Rac1 Rd8+ 35. Kc2 f6 36. Kb1 Re5 37. Rxc7+ Kb8 38. Qb7# 1-0

[Event "26. Schweinfurt Open"]
[Site "Schweinfurt"]
[Date "2016.05.29"]
[Round "6.28"]
[White "Hüttinger, Siegfried"]
[Black "Scheifele, Jan"]
[Result "1-0"]
[WhiteElo "1513"]
[BlackElo "906"]
[PlyCount "67"]
[EventDate "2016.??.??"]
[WhiteTeam "SC KS Alzenau"]
[BlackTeam "Aschaffenburg-Schweinheim"]

1. e4 e5 2. Nf3 Nc6 3. Bc4 Bc5 4. c3 d6 5. d4 exd4 6. cxd4 Bb4+ 7. Bd2 Bxd2+ 8.
Qxd2 h6 9. d5 Ne5 10. Nxe5 dxe5 11. O-O Nf6 12. Nc3 O-O 13. Rad1 Ne8 14. h3 Qf6
15. f4 exf4 16. Rxf4 Qe5 17. Rdf1 Nd6 18. Bb3 b5 19. Qf2 b4 20. Na4 Nxe4 21.
Qe3 Qg5 22. Rxe4 Qxe3+ 23. Rxe3 Ba6 24. Rfe1 Bb5 25. Re7 Bxa4 26. Bxa4 c5 27.
dxc6 Rfc8 28. c7 Kh7 29. Bc2+ g6 30. Rxf7+ Kg8 31. Ree7 g5 32. Rg7+ Kf8 33.
Ref7+ Ke8 34. Ba4# 1-0

[Event "26. Schweinfurt Open"]
[Site "Schweinfurt"]
[Date "2016.05.29"]
[Round "6.30"]
[White "Chen, Jiwei"]
[Black "Aigner, Patrick"]
[Result "0-1"]
[WhiteElo "908"]
[BlackElo "1305"]
[PlyCount "108"]
[EventDate "2016.??.??"]
[WhiteTeam "SK Schweinfurt"]
[BlackTeam "Coburger SV"]

1. e4 e6 2. d4 d5 3. e5 c5 4. c3 Nc6 5. Nf3 Qb6 6. Nbd2 Bd7 7. Nb3 a5 8. a4 Nh6
9. Bxh6 gxh6 10. g3 O-O-O 11. Bg2 cxd4 12. cxd4 Bb4+ 13. Ke2 Qa6+ 14. Qd3 Qb6
15. Rhc1 Kb8 16. Nc5 Bxc5 17. dxc5 Qxb2+ 18. Qd2 Qxd2+ 19. Kxd2 Rhg8 20. Rcb1
Nb4 21. Bf1 Rc8 22. Rc1 Ka7 23. Ke1 b6 24. cxb6+ Kxb6 25. Rxc8 Rxc8 26. Nd4 Kc5
27. Nb3+ Kb6 28. Kd1 Rc2 29. Be2 Ra2 30. Rb1 Bxa4 31. Ke1 Bxb3 32. Rxb3 Kc5 33.
Bh5 Kd4 34. Bxf7 Kxe5 35. Bg8 Nc2+ 36. Kf1 Ra1+ 37. Kg2 d4 38. Bxh7 Ne1+ 39.
Kh3 a4 40. Rb1 Rxb1 41. Bxb1 d3 42. f4+ Kf5 43. Kh4 e5 44. fxe5 Kxe5 45. Kg4 d2
46. Bg6 d1=Q+ 47. Kh3 a3 48. Bf7 Qd7+ 49. g4 Qxf7 50. Kg3 a2 51. Kh3 a1=Q 52.
Kh4 Qa4 53. Kh3 Qf3+ 54. Kh4 Qaxg4# 0-1

[Event "26. Schweinfurt Open"]
[Site "Schweinfurt"]
[Date "2016.05.29"]
[Round "7.1"]
[White "Ziegler, Michael"]
[Black "Becker, Matthias"]
[Result "0-1"]
[WhiteElo "2178"]
[BlackElo "2266"]
[PlyCount "50"]
[EventDate "2016.??.??"]
[WhiteTeam "SC Prichsenstadt"]
[BlackTeam "BG Buchen"]

1. d4 d6 2. Nf3 g6 3. c4 Bg7 4. Nc3 e5 5. e4 exd4 6. Nxd4 Nc6 7. Be3 Nge7 8. h4
f5 9. h5 fxe4 10. hxg6 hxg6 11. Rxh8+ Bxh8 12. Nxe4 Qd7 13. Qd2 Nf5 14. Nxf5
Qxf5 15. Ng3 Qf7 16. Rc1 Be6 17. Be2 O-O-O 18. Ne4 Qh7 19. Ng5 Qh1+ 20. Bf1 Bf5
21. Nf7 Ne5 22. Qd5 Nd3+ 23. Kd2 Nxc1 24. Be2 Nxa2 25. Bf3 Bc3+ 0-1

[Event "26. Schweinfurt Open"]
[Site "Schweinfurt"]
[Date "2016.05.29"]
[Round "7.2"]
[White "Seidens, Udo"]
[Black "Kuhn, Norbert"]
[Result "1/2-1/2"]
[WhiteElo "2245"]
[BlackElo "2119"]
[PlyCount "83"]
[EventDate "2016.??.??"]
[WhiteTeam "SK Schweinfurt"]
[BlackTeam "SV Würzburg"]

1. c4 e6 2. Nf3 d5 3. g3 c6 4. Bg2 Nf6 5. b3 Bd6 6. Bb2 O-O 7. O-O b6 8. Ne5
Bb7 9. f4 Nbd7 10. e3 Qe7 11. Qe2 Rfd8 12. d3 a5 13. a3 b5 14. Nd2 bxc4 15.
bxc4 Nc5 16. Bd4 a4 17. Rfb1 Rdb8 18. g4 Nb3 19. Nxb3 axb3 20. Rxb3 c5 21. Bc3
dxc4 22. Nxc4 Bxg2 23. Rxb8+ Rxb8 24. Qxg2 Nd5 25. Be1 Bc7 26. g5 Qd7 27. Rc1
Nxe3 28. Nxe3 Bxf4 29. Qe4 Bxg5 30. Qe5 Qd8 31. Bf2 h6 32. a4 Rb3 33. Qxc5 Qxd3
34. Qc8+ Kh7 35. Rd1 Qg6 36. Ng2 Rb2 37. Qc3 Bf6 38. Qd3 Qxd3 39. Rxd3 Ra2 40.
Rd7 Kg8 41. Ne3 Rxa4 42. Kg2 1/2-1/2

[Event "26. Schweinfurt Open"]
[Site "Schweinfurt"]
[Date "2016.05.29"]
[Round "7.3"]
[White "Poulsen, Klaus E"]
[Black "Großhans, Ralf-Michael"]
[Result "1/2-1/2"]
[WhiteElo "2068"]
[BlackElo "2192"]
[PlyCount "61"]
[EventDate "2016.??.??"]
[WhiteTeam "Skakforeningen Odysseus"]
[BlackTeam "SK Weidhausen"]

1. e4 Nf6 2. e5 Nd5 3. c4 Nb6 4. c5 Nd5 5. Bc4 e6 6. Nc3 Nxc3 7. bxc3 Nc6 8. d4
d6 9. cxd6 cxd6 10. exd6 Qa5 11. Bd2 Bxd6 12. Qg4 O-O 13. Nf3 e5 14. Qe4 exd4
15. cxd4 Bf5 16. Qxc6 Qxd2+ 17. Nxd2 bxc6 18. O-O Bf4 19. Nb3 Rfd8 20. Rfe1 Kf8
21. g3 Bc7 22. f3 Bb6 23. Rad1 Bc2 24. Rc1 Bg6 25. Ba6 Rd6 26. Bb7 Rad8 27.
Bxc6 f6 28. Kg2 Bf7 29. Re2 Bxb3 30. axb3 Rxd4 31. Bb5 1/2-1/2

[Event "26. Schweinfurt Open"]
[Site "Schweinfurt"]
[Date "2016.05.29"]
[Round "7.4"]
[White "FM Golda, Harald"]
[Black "Helm, Timo"]
[Result "1-0"]
[WhiteElo "2316"]
[BlackElo "1969"]
[PlyCount "91"]
[EventDate "2016.??.??"]
[WhiteTeam "SK Schweinfurt"]
[BlackTeam "SC Bad Königshofen"]

1. d4 e6 2. c4 f5 3. Nf3 Nf6 4. g3 b6 5. Bg2 Bb7 6. O-O Be7 7. b3 O-O 8. Bb2 d6
9. Nc3 Nbd7 10. Ng5 Bxg2 11. Kxg2 Qc8 12. Nxe6 Re8 13. Nf4 Nf8 14. Ncd5 c6 15.
Nxe7+ Rxe7 16. d5 Ng4 17. h3 Nh6 18. dxc6 Qxc6+ 19. Kh2 Rae8 20. e3 Ne6 21. Qd5
Qc5 22. Rad1 Nf7 23. Nxe6 Rxe6 24. Qd4 Ne5 25. Qxc5 dxc5 26. Rd5 g6 27. Bxe5
Rxe5 28. Rxe5 Rxe5 29. Rd1 Re7 30. Rd8+ Kf7 31. Kg2 Ke6 32. Kf3 Rc7 33. Kf4 Ke7
34. Rd5 Kf6 35. Rd6+ Ke7 36. Ke5 Rc8 37. h4 Rc7 38. h5 Kf7 39. hxg6+ hxg6 40.
Kf4 Rb7 41. Kg5 b5 42. Rf6+ Ke7 43. Kxg6 bxc4 44. Rf7+ Kd6 45. Rxb7 c3 46. Rh7
1-0

[Event "26. Schweinfurt Open"]
[Site "Schweinfurt"]
[Date "2016.05.29"]
[Round "7.5"]
[White "Pototzky, Daniel"]
[Black "Gould, Charles"]
[Result "0-1"]
[WhiteElo "2137"]
[BlackElo "1974"]
[PlyCount "136"]
[EventDate "2016.??.??"]
[WhiteTeam "SC Prichsenstadt"]
[BlackTeam "SV Würzburg"]

1. e4 d6 2. d4 g6 3. Nc3 Nf6 4. f4 Bg7 5. Nf3 c5 6. dxc5 Qa5 7. Qd4 O-O 8. Bd2
Nc6 9. Qc4 Qxc5 10. Qxc5 dxc5 11. e5 Ne8 12. Bc4 Nc7 13. O-O-O Bg4 14. Be3 b6
15. Nd5 Bxf3 16. gxf3 Rac8 17. Nxc7 Rxc7 18. Bb5 Nb8 19. Rd2 Bh6 20. Rhd1 a6
21. Be2 Kg7 22. Rd5 Re8 23. c3 b5 24. Kc2 e6 25. Rd6 Nc6 26. Kd3 Ne7 27. Rxa6
Nd5 28. Ke4 c4 29. a3 Rd7 30. Rd6 Rxd6 31. exd6 Nf6+ 32. Kd4 Kf8 33. f5 Bxe3+
34. Kxe3 gxf5 35. Rd4 Rc8 36. a4 e5 37. Rd1 bxa4 38. Ra1 Nd5+ 39. Kd2 Nb6 40.
Rg1 Rc6 41. Bf1 Rxd6+ 42. Kc1 Rg6 43. Rh1 Ke7 44. Kd2 f4 45. Ke2 f5 46. Kf2 e4
47. Bh3 Kf6 48. Rd1 Ke5 49. Bf1 Rd6 50. Rxd6 Kxd6 51. Ke1 h6 52. Kd2 Ke5 53.
Ke2 Nd5 54. Kf2 e3+ 55. Ke1 Nb6 56. Kd1 Kd5 57. Bh3 Ke5 58. Bf1 Kf6 59. Ke2 Kg5
60. Kd1 Kh4 61. Ke1 Nd7 62. Bxc4 Kh3 63. Bb5 Nc5 64. Kf1 Kxh2 65. Bc4 Kg3 66.
Be2 h5 67. Kg1 h4 68. c4 h3 0-1

[Event "26. Schweinfurt Open"]
[Site "Schweinfurt"]
[Date "2016.05.29"]
[Round "7.6"]
[White "Krenz, Dieter"]
[Black "Ciolek, Andreas"]
[Result "0-1"]
[WhiteElo "1934"]
[BlackElo "2102"]
[PlyCount "88"]
[EventDate "2016.??.??"]
[WhiteTeam "SC Prichsenstadt"]
[BlackTeam "SK Singen"]

1. d4 Nf6 2. Nf3 g6 3. Bf4 Bg7 4. h3 O-O 5. Nbd2 d6 6. c3 c5 7. e3 b6 8. Be2
Bb7 9. O-O Nbd7 10. Bh2 a6 11. a4 Ra7 12. Re1 Qa8 13. Bf1 Bc6 14. Qc2 Ne4 15.
dxc5 bxc5 16. Nc4 Rb8 17. Red1 Rab7 18. Nfd2 Ndf6 19. f3 Nxd2 20. Rxd2 Bd5 21.
Rb1 Bh6 22. Kf2 a5 23. Rdd1 Be6 24. e4 Nd7 25. f4 Rb3 26. f5 gxf5 27. exf5 Bd5
28. Ne3 Bxe3+ 29. Kxe3 c4 30. Qd2 Be4 31. Bxc4 Bxb1 32. Bxb3 Qe4+ 33. Kf2 Rxb3
34. Kg1 Qxf5 35. Rf1 Qc5+ 36. Kh1 Bg6 37. Bg1 Qc4 38. Rf4 Qd3 39. Qe1 Ne5 40.
Kh2 Rxb2 41. Bd4 Nf3+ 42. Rxf3 Qxf3 43. Qg1 Be4 44. Bf2 Rxf2 0-1

[Event "26. Schweinfurt Open"]
[Site "Schweinfurt"]
[Date "2016.05.29"]
[Round "7.7"]
[White "Wiener, Horst"]
[Black "Boß, Rolf"]
[Result "1-0"]
[WhiteElo "1927"]
[BlackElo "2015"]
[PlyCount "139"]
[EventDate "2016.??.??"]
[WhiteTeam "SK Schweinfurt"]
[BlackTeam "(vls) Hof"]

1. e4 d6 2. d4 Nf6 3. Nc3 c6 4. f4 d5 5. exd5 cxd5 6. Nf3 Bg4 7. Be2 Nc6 8. Be3
e6 9. O-O Rc8 10. a3 g6 11. h3 Bxf3 12. Rxf3 Bg7 13. Bd3 O-O 14. g4 Ne4 15. Ne2
f5 16. gxf5 exf5 17. c3 Na5 18. Kg2 Nc4 19. Bxc4 Rxc4 20. Qb3 Qd7 21. Nc1 Rf6
22. Nd3 Rb6 23. Qc2 Qb5 24. Rff1 Qe8 25. Ne5 Rc7 26. a4 a5 27. Rfc1 h6 28. Kh2
g5 29. Rg1 Qh5 30. Qg2 g4 31. Rab1 Bf8 32. Kh1 Rg7 33. Qh2 g3 34. Qg2 Bd6 35.
Rgf1 Bxe5 36. dxe5 Rbg6 37. Rf3 Nf2+ 38. Bxf2 gxf2 39. Qxf2 Kh7 40. Rf1 Rg4 41.
Qh2 Rh4 42. R1f2 d4 43. cxd4 Rd7 44. Qg3 Rxd4 45. Rg2 Rg4 46. Qf2 Rxa4 47. Rxg4
fxg4 48. Qc2+ Qg6 49. Qxg6+ Kxg6 50. hxg4 Kf7 51. Kg2 Re4 52. Kg3 a4 53. Rc3
Ke6 54. Rd3 Ke7 55. Rc3 Ke6 56. Rc5 Re3+ 57. Kh4 Rb3 58. f5+ Kd7 59. Rd5+ Ke7
60. Rd2 Re3 61. e6 Kf6 62. Rd7 b5 63. Rf7+ Ke5 64. Rb7 Kf6 65. Rxb5 Re1 66. Rb7
Rh1+ 67. Kg3 Rg1+ 68. Kf3 Re1 69. Rh7 Kg5 70. Rg7+ 1-0